000 00696nam a22002057a 4500
003 OSt
005 20260319103532.0
008 260319b |||||||| |||| 00| 0 eng d
020 _a1859737692
020 _a9781859737699
040 _cUSTED-K
050 _aTS1446
_b. T31 2005
245 _aDigital Dialogues2:
_bTextiles and technology special issue edited by Janis Jeffries/
_cJeffries, Janis.
250 _aSpecial issue 1
_bVol 3, spring 2005
260 _aBedfordshire, UK
_bBerg Publishers
_cc 2005
300 _a{2} 113P.:
_bill., colored
_c25 cm
504 _aIncludes bibliographical references and notes for contributors
700 _aJanis, Jeffries
_d2005
_eEditor
942 _2lcc
_cBK
999 _c9065
_d9065